[Event "FRA-ch"]
[Site "Meribel"]
[Date "1998.08.23"]
[Round "10"]
[White "Chabanon, Jean Luc"]
[Black "Fressinet, Laurent"]
[Result "0-1"]
[WhiteElo "2490"]
[BlackElo "2455"]

1.d4 d5 2.Nf3 Nf6 3.c4 c6 4.Nc3 e6 5.e3 Nbd7 6.Qc2 Bd6 7.Bd3 O-O 8.O-O dxc4
9.Bxc4 b5 10.Be2 Bb7 11.Rd1 Qc7 12.e4 e5 13.dxe5 Nxe5 14.Nd4 Ng6 15.g3 b4
16.Na4 Rfe8 17.Nf5 Bf8 18.f3 c5 19.Bg5 Qe5 20.Bb5 Red8 21.Rxd8 Rxd8 22.Re1 h6
23.Bc1 Qb8 24.Be2 Re8 25.Be3 Qe5 26.Bf2 h5 27.b3 Rd8 28.Bc4 Qc7 29.Nb2 Ne5
30.Be2 g6 31.Ne3 Nc6 32.Bc4 Nd4 33.Qd1 Nxe4 34.fxe4 Bxe4 35.Be2 Bb7 36.h4 Bd6
37.Kh2 Qe7 38.Ng2 Qe4 39.Bf1 Nf3+ 40.Kh1 Nxe1 41.Qxe1 Qxe1 42.Bxe1 Be5 43.Nd3 Bd4
44.Kh2 a5 45.Ngf4 Ba6 46.Kg2 c4 47.bxc4 Bxc4 48.Nc1 Bxf1+ 49.Kxf1 Be3 50.Ncd3 Bxf4
51.Nxf4 Rd1 52.Ke2 Ra1 53.Nd5 Rxa2+ 54.Kd3 b3 55.Bc3 a4 56.Nf6+ Kf8 57.Bb4+ Kg7
58.Ne8+ Kh6 59.Nf6 g5 60.Nd5 a3 61.hxg5+ Kxg5 62.Nc3 Ra1 63.Ne4+ Kg6 64.Nd2 b2
65.Ke2 a2  0-1

[Event "Schwarzach opB"]
[Site "Schwarzach"]
[Date "1998.08.24"]
[Round "3"]
[White "Gossmann, Ewald"]
[Black "Krasser, Reinhard"]
[Result "0-1"]
[WhiteElo "1830"]
[BlackElo "1697"]

1.d4 d5 2.c4 e6 3.Nc3 Nf6 4.Nf3 c6 5.e3 Nbd7 6.Bd3 Bd6 7.O-O O-O 8.Qc2 dxc4
9.Bxc4 e5 10.dxe5 Nxe5 11.Nxe5 Bxe5 12.f4 Bc7 13.Bd3 g6 14.Rf3 Bg4 15.Rg3 Qd7
16.Be2 Bxe2 17.Qxe2 Rad8 18.a3 Rfe8 19.Rf3 Ne4 20.Nxe4 Rxe4 21.b3 Bb6 22.Kf2 Qe6
23.Rb1 Qf5 24.Kg3 h5 25.h3 Rd5 26.Rb2 a5 27.Rc2 Bc5 28.Rc4 b5 29.Rxe4 Qxe4
30.Bb2 Bd6 31.Kf2 f5 32.Kg1 Kf7 33.Kf2 Rd3 34.Qc2 Rxe3 35.Qxe4 Rxe4 36.g3 h4
37.Rd3 hxg3+ 38.Kxg3 Bxf4+ 39.Kf3 Ke6 40.Bc3 b4 41.axb4 axb4 42.Bd4 Bd6 43.Bf2 g5
44.Rd1 Rf4+ 45.Kg2 Re4 46.Rd3 g4 47.hxg4 fxg4 48.Rd2 Re5 49.Rd4 Re2 50.Kf1 Rxf2+  0-1

[Event "Schwarzach opA"]
[Site "Schwarzach"]
[Date "1998.08.30"]
[Round "9"]
[White "Jelen, Igor"]
[Black "Staller, Peter"]
[Result "1/2-1/2"]
[WhiteElo "2345"]
[BlackElo "2300"]

1.d4 d5 2.c4 c6 3.Nc3 Nf6 4.Nf3 e6 5.e3 Nbd7 6.Bd3 Bd6 7.e4 dxe4 8.Nxe4 Nxe4
9.Bxe4 e5 10.O-O exd4 11.Qxd4 Qf6 12.Qd1 h6 13.Bc2 Ne5 14.Nxe5 Bxe5 15.Re1 Be6
16.Qe2 Bd4 17.Be3 Bxe3 18.Qxe3 O-O 19.b3 Rfd8 20.Rad1 b6 21.Qe4 c5 22.Qh7+ Kf8
23.Rd5 g5 24.Rde5 Rd2 25.f3 Qg7 26.Qe4 Rad8 27.Bb1 Qf6 28.Qe3 Rd1 29.Bc2 Rxe1+
30.Qxe1 Qf4 31.Re4 Qd2 32.Re2 Qxe1+ 33.Rxe1 Rd2 34.Bb1 a5 35.Kf1 Kg7 36.Re2 Rd1+
37.Re1 Rxe1+ 38.Kxe1 Kf6 39.Kd2 Ke5 40.Ke3 f5 41.a4 h5 42.g3 f4+ 43.gxf4+ gxf4+
44.Kd2 Bh3 45.Bg6 h4 46.Kc3 Bd7 47.Be4 Be8 48.Kd3  1/2-1/2

[Event "CRO-chT"]
[Site "Porec"]
[Date "1998.09.05"]
[Round "1"]
[White "Tkachiev, Vladislav"]
[Black "Morovic Fernandez, Ivan"]
[Result "1/2-1/2"]
[WhiteElo "2645"]
[BlackElo "2605"]

1.d4 d5 2.c4 c6 3.Nc3 Nf6 4.e3 e6 5.Nf3 Nbd7 6.Bd3 dxc4 7.Bxc4 b5 8.Bd3 a6
9.e4 c5 10.e5 cxd4 11.Nxb5 Nxe5 12.Nxe5 axb5 13.Bxb5+ Bd7 14.Nxd7 Qa5+ 15.Bd2 Qxb5
16.Nxf8 Rxf8 17.a4 Qc4 18.b3 Qd3 19.Qf3 Qe4+ 20.Qxe4 Nxe4 21.b4 Ke7 22.f3 Nc3
23.Bxc3 dxc3 24.Ke2 Rfd8 25.Rhd1 c2 26.Rxd8 Rxa4 27.Rc8 Rxa1 28.Rxc2 Rb1  1/2-1/2

[Event "CRO-chT"]
[Site "Porec"]
[Date "1998.09.05"]
[Round "1"]
[White "Shariyazdanov, Andrey"]
[Black "Dabo Peranic, Robert"]
[Result "0-1"]
[WhiteElo "2530"]
[BlackElo "2195"]

1.d4 d5 2.c4 c6 3.Nc3 Nf6 4.e3 e6 5.Nf3 Nbd7 6.b3 Bd6 7.Bb2 O-O 8.Be2 dxc4
9.bxc4 e5 10.O-O exd4 11.exd4 Re8 12.Qc2 Nf8 13.Rad1 Bg4 14.Ne5 Bxe2 15.Nxe2 Qc7
16.f4 b5 17.Ng3 Ne6 18.Nf5 Bf8 19.Rc1 Rac8 20.Kh1 Qb6 21.cxb5 Qxb5 22.a4 Qa5
23.Ne3 Nd5 24.Nxd5 Qxd5 25.Qc4 f6 26.Nxc6 Qxc4 27.Rxc4 Nxf4 28.Rfc1 Nd3 29.Ne7+ Rxe7
30.Rxc8 Nxb2 31.a5 Nd3 32.Rb1 Nb4 33.g3 Rb7 34.a6 Rb6 35.Re1 Kf7 36.Rc7+ Kg6
37.Re8 Bd6 38.Rxa7 Nxa6 39.d5 Nc7 40.Rd8 Nxd5 41.Rdd7 Ne3 42.Rxg7+ Kf5 43.Rgb7 Rc6
44.Rb1 h5 45.Ra2 Kg4 46.Rf2 f5 47.Re1 Rc3 48.Rfe2 Kf3 49.Rd2 Bc5 50.Ra2 Rc4
51.Rea1 h4 52.Ra4 hxg3 53.hxg3 Rxa4 54.Rxa4 Kxg3 55.Ra5 Bd6 56.Rxf5 Nxf5
57.Kg1 Kf3 58.Kh1 Ng3+ 59.Kg1 Bc5+ 60.Kh2 Bd4 61.Kh3 Bg1 62.Kh4 Ne4 63.Kh3 Ng5+
64.Kh4 Kf4 65.Kh5 Kf5 66.Kh4 Bf2+ 67.Kh5 Ne6 68.Kh6 Nd4 69.Kh5 Be1 70.Kh6 Kg4
71.Kg7 Kf5 72.Kf8 Bh4 73.Kg7 Bg5 74.Kf8 Ke6 75.Ke8 Nf5 76.Kf8 Nd6 77.Kg7 Kf5
78.Kf8 Kf6 79.Kg8 Bh6 80.Kh7 Nf5 81.Kh8 Kg6  0-1

[Event "Budapest FS09 IM-B"]
[Site "Budapest"]
[Date "1998.09.06"]
[Round "2"]
[White "Dudas, Janos"]
[Black "Galyas, Miklos"]
[Result "0-1"]
[WhiteElo "2340"]
[BlackElo "2440"]

1.d4 d5 2.c4 c6 3.Nf3 Nf6 4.Nc3 e6 5.e3 Nbd7 6.Bd3 dxc4 7.Bxc4 b5 8.Bb3 b4
9.Na4 Ba6 10.Bd2 c5 11.dxc5 Nxc5 12.Nxc5 Bxc5 13.Rc1 Qb6 14.Bc4 Bb7 15.Qa4+ Bc6
16.Qc2 Bd6 17.Bd3 Bb7 18.Qa4+ Ke7 19.Nd4 Rhc8 20.Ke2 Ne4 21.Bxe4 Bxe4 22.f3 Bd5
23.Kf2 a5 24.Rxc8 Rxc8 25.a3 Be5 26.Nb3 Rc2  0-1

[Event "Herzliya"]
[Site "Herzliya"]
[Date "1998.09.07"]
[Round "2"]
[White "Schlosser, Philipp"]
[Black "Haimovich, Tal"]
[Result "1/2-1/2"]
[WhiteElo "2505"]
[BlackElo "2280"]

1.d4 d5 2.c4 c6 3.Nf3 Nf6 4.Nc3 e6 5.e3 Nbd7 6.Qc2 Bd6 7.Bd3 O-O 8.O-O dxc4
9.Bxc4 a6 10.Rd1 b5 11.Be2 Qc7 12.Ne4 Nxe4 13.Qxe4 e5 14.Qh4 Re8 15.Bd3 h6
16.Bc2 Bb7 17.e4 Rad8 18.Be3 exd4 19.Nxd4 Ne5 20.Nf5 Ng6 21.Qh5 Bf8 22.h4 c5
23.Qg4 h5 24.Qxh5 Bxe4 25.Rxd8 Qxd8 26.Bxe4 Rxe4 27.Rd1 Qf6 28.Qf3 Re6 29.h5 Ne5
30.Qh3 Nc4 31.b3  1/2-1/2

[Event "Karl Wagner mem 5th"]
[Site "Graz"]
[Date "1998.09.08"]
[Round "4.10"]
[White "Riedner, Martin"]
[Black "Soln, Primoz"]
[Result "1/2-1/2"]
[WhiteElo "2245"]
[BlackElo "2470"]

1.d4 d5 2.Nf3 c6 3.e3 Nf6 4.c4 e6 5.Nc3 Nbd7 6.Qc2 Bd6 7.b3 O-O 8.Be2 Re8
9.O-O dxc4 10.bxc4 e5 11.Rd1 exd4 12.exd4 Nf8 13.Rb1 Ng6 14.g3 Qa5 15.c5 Bf8
16.Bg5 Nd7 17.Bc4 Nh8 18.Re1 Rxe1+  1/2-1/2

[Event "Karl Wagner mem 5th"]
[Site "Graz"]
[Date "1998.09.09"]
[Round "5.2"]
[White "Epishin, Vladimir"]
[Black "Savanovic, Aleksandar"]
[Result "1-0"]
[WhiteElo "2585"]
[BlackElo "2435"]

1.d4 d5 2.c4 c6 3.Nc3 Nf6 4.e3 e6 5.Nf3 Nbd7 6.Qc2 Bd6 7.Bd3 O-O 8.Bd2 dxc4
9.Bxc4 e5 10.O-O h6 11.h3 Re8 12.Bd3 exd4 13.exd4 Nb6 14.Rad1 Nbd5 15.a3 Nxc3
16.bxc3 Bxa3 17.Ne5 Bd6 18.f4 c5 19.d5 Re7 20.c4 Nd7 21.Ng4 Nf8 22.Nf2 Re8
23.Kh2 Bd7 24.Ne4 Bf5 25.Nxc5 Bxh3 26.Nxb7 Bxg2 27.Kxg2 Qd7 28.Rf3 Qxb7 29.Rg3 Qc7
30.Bc3 g5 31.Rh3 Bxf4 32.Rxh6 Re5 33.Qf2 Ng6 34.Bxg6 fxg6 35.Rxg6+ Kh7 36.Bxe5 Qxe5
37.Qc2 Bg3 38.Rxg5+  1-0

[Event "Herzliya"]
[Site "Herzliya"]
[Date "1998.09.09"]
[Round "4"]
[White "Lev, Ronen"]
[Black "Haimovich, Tal"]
[Result "1-0"]
[WhiteElo "2460"]
[BlackElo "2280"]

1.d4 d5 2.c4 c6 3.Nf3 Nf6 4.Nc3 e6 5.e3 Nbd7 6.Bd3 dxc4 7.Bxc4 b5 8.Bd3 Bb7
9.O-O a6 10.a4 b4 11.Nb1 c5 12.a5 Bd6 13.Nbd2 O-O 14.Qe2 cxd4 15.exd4 Nd5
16.Nc4 Bf4 17.Be3 Rc8 18.Ncd2 N7f6 19.Rfe1 Ra8 20.Nc4 Ng4 21.g3 Ndxe3 22.fxe3 Bc7
23.e4 f5 24.Ra4 Rb8 25.Rxb4 f4 26.Kg2 fxg3 27.hxg3 Qf6 28.Rxb7 Rxb7 29.e5 Qxf3+
30.Qxf3 Rxf3 31.Kxf3 Rb3 32.Ke2 h5 33.Rc1 Kf8 34.Rc3 Rb7 35.Bg6 Rb5 36.Rf3+ Kg8
37.Bf7+ Kh7 38.Bxe6 Bxa5 39.Nxa5 Rxa5 40.Bxg4 hxg4 41.Rf2 Rb5 42.Ke3 Rb3+
43.Kf4 Rd3 44.e6 Rxd4+ 45.Ke5 Rd3 46.e7 Re3+ 47.Kd6  1-0

[Event "Karl Wagner mem 5th"]
[Site "Graz"]
[Date "1998.09.10"]
[Round "6.28"]
[White "Romaszko, Sylwia"]
[Black "Wallner, Joachim"]
[Result "0-1"]
[WhiteElo "2065"]
[BlackElo "2240"]

1.d4 d5 2.c4 c6 3.Nc3 Nf6 4.e3 e6 5.Nf3 Nbd7 6.Bd3 dxc4 7.Bxc4 b5 8.Bd3 a6
9.O-O c5 10.a4 b4 11.Ne4 Bb7 12.Nxf6+ Nxf6 13.a5 cxd4 14.Qa4+ Qd7 15.Nxd4 e5
16.Qxd7+ Nxd7 17.Nb3 Bd5 18.Nd2 Nc5 19.Bc4 Bxc4 20.Nxc4 Nb3 21.Rb1 f6 22.e4 Rc8
23.Nb6 Rc5 24.Rd1 Rxa5 25.Nd5 Bc5 26.Rd3 Nxc1 27.Nc7+ Ke7 28.Rxc1 Rc8 29.Nd5+ Kf7
30.Kf1 Rb8 31.Nc7 Bd4 32.Rb3 Ra2 33.Rc2 a5 34.Nd5 Rb7 35.Ke2 Ke6 36.Kd3 Kd6
37.Kc4 Rb8 38.Rd2 Rc8+ 39.Kd3 Rc1 40.Nc3 Kc5 41.Nd5 f5 42.f3 g5 43.Rc2+ Rxc2
44.Kxc2 Ra1 45.g4 f4 46.Rd3 a4 47.Rd2 b3+ 48.Kd3 a3 49.bxa3 b2 50.Rc2+ Kd6  0-1

[Event "Karl Wagner mem 5th"]
[Site "Graz"]
[Date "1998.09.10"]
[Round "6.3"]
[White "Polak, Tomas"]
[Black "Maksimenko, Andrei"]
[Result "1/2-1/2"]
[WhiteElo "2525"]
[BlackElo "2500"]

1.d4 Nf6 2.c4 e6 3.Nf3 d5 4.Nc3 c6 5.e3 Nbd7 6.Qc2 Bd6 7.Bd3 O-O 8.O-O e5
9.cxd5 cxd5 10.e4 dxe4 11.Nxe4 Nxe4 12.Bxe4 h6 13.Be3 exd4 14.Bh7+ Kh8 15.Bxd4 Nf6
16.Bf5 Qa5 17.Bxc8 Rfxc8 18.Qb3 Qd5 19.Bxf6  1/2-1/2

[Event "Herzliya"]
[Site "Herzliya"]
[Date "1998.09.10"]
[Round "5"]
[White "Hauchard, Arnaud"]
[Black "Schlosser, Philipp"]
[Result "1-0"]
[WhiteElo "2500"]
[BlackElo "2505"]

1.d4 Nf6 2.c4 e6 3.Nf3 d5 4.Nc3 c6 5.e3 Nbd7 6.Qc2 Bd6 7.e4 dxe4 8.Nxe4 Nxe4
9.Qxe4 c5 10.Bg5 Nf6 11.Qh4 cxd4 12.O-O-O e5 13.Bd3 h6 14.Rhe1 O-O 15.Bxh6 gxh6
16.Qxh6 Re8 17.Ng5 e4 18.Rxe4 Rxe4 19.Nxe4 Nxe4 20.Bxe4 Qc7 21.Bh7+ Kh8 22.Rxd4 Be5
23.Bg6+ Kg8 24.Rd8+  1-0

[Event "Politiken zt"]
[Site "Munkebo"]
[Date "1998.09.10"]
[Round "1.1"]
[White "Olafsson, Helgi"]
[Black "Rodgaard, John"]
[Result "1-0"]
[WhiteElo "2505"]
[BlackElo "2320"]

1.c4 e6 2.Nc3 d5 3.d4 c6 4.e3 Nf6 5.Nf3 Nbd7 6.Bd3 dxc4 7.Bxc4 b5 8.Bd3 b4
9.Ne4 Be7 10.Nxf6+ Nxf6 11.e4 Bb7 12.O-O c5 13.dxc5 Bxc5 14.Bg5 h6 15.Bh4 Qb6
16.Qe2 O-O 17.Ne5 Qc7 18.Bg3 Qe7 19.Rac1 Rac8 20.Nc4 Rfd8 21.Na5 Rxd3 22.Qxd3 Bxe4
23.Qa6 Rd8 24.Rfd1 Rxd1+ 25.Rxd1 Bd5 26.Qc8+ Kh7 27.Nc6 Bxc6 28.Qxc6 Nd5
29.Re1 h5 30.h3 g6 31.Be5 Nb6 32.Rd1 Nc4 33.Rd7 Nxe5 34.Rxe7 Nxc6 35.Rxf7+ Kh6
36.Rc7 Bd4 37.Rxc6 e5 38.b3 Kg5 39.Rc4 Bc3 40.Rc7 Bd4 41.Rc4 Bc3 42.a3 a5
43.a4 Kf5 44.Kf1 Bd4 45.Rc6 Ke4 46.Ke2  1-0

[Event "CRO-chT"]
[Site "Porec"]
[Date "1998.09.10"]
[Round "5"]
[White "Franic, Milan"]
[Black "Jusic, Zdenko"]
[Result "0-1"]
[WhiteElo "2445"]
[BlackElo "2375"]

1.d4 d5 2.c4 c6 3.Nf3 Nf6 4.Nc3 e6 5.e3 Nbd7 6.Bd3 dxc4 7.Bxc4 b5 8.Bd3 Bb7
9.O-O Bd6 10.e4 e5 11.Bg5 exd4 12.Nxd4 Nc5 13.Bc2 Be5 14.Nf3 Qxd1 15.Nxd1 Nfxe4
16.Bh4 Bf6 17.Bxe4 Nxe4 18.Re1 c5 19.Bxf6 gxf6 20.Nc3 f5 21.Nxb5 O-O-O 22.Nxa7+ Kb8
23.Nb5 Rd3 24.Re3 Rd7 25.Ne5 Re7 26.f4 Rd8 27.Rae1 f6 28.Nf3 Rg7 29.g3 Rg4
30.Nc3 h5 31.Rd1 Rdg8 32.Kf1 Ba6+ 33.Ke1 h4 34.Nxe4 fxe4 35.Nxh4 Bd3 36.Rc1 c4
37.b3 R4g7 38.Nf5 Ra7 39.bxc4 Rxa2 40.h4 Rd8 41.c5 Kc7 42.Rd1 Rb8 43.Rexd3 exd3
44.Rxd3 Rb1+ 45.Rd1 Rbb2 46.Kf1 Rg2 47.Rd3 Rgf2+ 48.Kg1 Rfc2 49.Ne3 Rc1+
50.Nf1 Kc6 51.Rf3 Rcc2 52.Ne3 Re2 53.g4 Kxc5 54.g5 Kd4 55.Nf1 Ke4 56.Rb3 Rg2+
57.Kh1 Rgf2 58.Kg1 f5 59.Ng3+ Kxf4 60.g6 Rg2+ 61.Kf1 Rxg3 62.Rxg3 Kxg3 63.h5 f4
64.g7 Ra8 65.h6 f3 66.Ke1 f2+ 67.Ke2 Re8+  0-1

[Event "Karl Wagner mem 5th"]
[Site "Graz"]
[Date "1998.09.11"]
[Round "7.11"]
[White "Gershon, Alik"]
[Black "Savanovic, Aleksandar"]
[Result "1-0"]
[WhiteElo "2460"]
[BlackElo "2435"]

1.d4 d5 2.c4 c6 3.Nf3 Nf6 4.Nc3 e6 5.e3 Nbd7 6.Bd3 dxc4 7.Bxc4 b5 8.Bd3 Bb7
9.O-O b4 10.Ne4 Be7 11.Qe2 Nxe4 12.Bxe4 O-O 13.Rd1 Qb6 14.b3 Nf6 15.Bd3 c5
16.Bb2 Nd5 17.Rac1 cxd4 18.Bxd4 Qa5 19.Ne5 Bf6 20.Qh5 h6 21.Rc4 Nc3 22.Rc5 Qxa2
23.Ng4 Nxd1 24.Nxh6+ gxh6 25.Qg4+  1-0

[Event "Herzliya"]
[Site "Herzliya"]
[Date "1998.09.12"]
[Round "7"]
[White "Wells, Peter K"]
[Black "Haimovich, Tal"]
[Result "1-0"]
[WhiteElo "2515"]
[BlackElo "2280"]

1.Nf3 d5 2.c4 c6 3.d4 Nf6 4.Nc3 e6 5.e3 Nbd7 6.Bd3 dxc4 7.Bxc4 b5 8.Bd3 Bb7
9.O-O a6 10.e4 c5 11.d5 Qc7 12.Bc2 O-O-O 13.dxe6 Ne5 14.Qe2 Nxf3+ 15.Qxf3 fxe6
16.Qh3 Kb8 17.Be3 Bd6 18.Rad1 Bc8 19.a4 b4 20.Nb1 Be5 21.b3 Bd4 22.Bxd4 Rxd4
23.Rxd4 cxd4 24.Bd3 Qf4 25.Qg3 Nh5 26.Qxf4+ Nxf4 27.Bc4 e5 28.Nd2 Rf8 29.h4 Re8
30.Rc1 Re7 31.g3 Nh5 32.Be2 Nf6 33.Rc4 a5 34.Rc5 Rc7 35.Rb5+ Bb7 36.Bc4 Kc8
37.Rxe5 Kd7 38.f3 Kd6 39.Rxa5 Nd7 40.Rf5 Ne5 41.f4 Nxc4 42.bxc4 Bc6 43.Ra5 Rb7
44.e5+ Kc7 45.Nb3 Kb6 46.e6 d3 47.Kf2 Ra7 48.c5+ Kb7 49.e7 Kb8 50.Rxa7 Kxa7
51.a5 Kb7 52.Ke3 Kc7 53.Nd4  1-0

[Event "Karl Wagner mem 5th"]
[Site "Graz"]
[Date "1998.09.13"]
[Round "9.3"]
[White "Maksimenko, Andrei"]
[Black "Burmakin, Vladimir"]
[Result "1/2-1/2"]
[WhiteElo "2500"]
[BlackElo "2560"]

1.Nf3 d5 2.c4 c6 3.e3 Nf6 4.Nc3 e6 5.d4 Nbd7 6.Qc2 Bd6 7.Bd3 O-O 8.O-O Qe7
9.c5 Bc7 10.e4 dxe4 11.Nxe4 Nxe4 12.Bxe4 h6  1/2-1/2

[Event "Herzliya"]
[Site "Herzliya"]
[Date "1998.09.13"]
[Round "8"]
[White "Kanstler, Boris"]
[Black "Wells, Peter K"]
[Result "1-0"]
[WhiteElo "2535"]
[BlackElo "2515"]

1.c4 e6 2.Nc3 d5 3.d4 c6 4.Nf3 Nf6 5.e3 Nbd7 6.Qc2 Bd6 7.Be2 O-O 8.O-O dxc4
9.Bxc4 Qe7 10.Bd2 e5 11.Rae1 e4 12.Ng5 Nb6 13.Bb3 Bxh2+ 14.Kxh2 Ng4+ 15.Kg1 Qxg5
16.Qxe4 Bf5 17.Qf3 Bd3 18.Ne2 Nf6 19.Rd1 Rfe8 20.Rfe1 Qh4 21.Qg3 Qxg3 22.Nxg3 h5
23.Bc1 Bg6 24.f3 a5 25.e4 a4 26.Bc2 Nfd5 27.Kf2 a3 28.bxa3 Nc3 29.Rd3 Nxa2
30.Bd2 c5 31.dxc5 Nc4 32.Bb3 Ne5 33.Rde3 Red8 34.Ke2 Rxa3 35.Bd5 Rxe3+ 36.Kxe3 h4
37.Nf1  1-0

[Event "CRO-chT"]
[Site "Porec"]
[Date "1998.09.13"]
[Round "7"]
[White "Bertok, Mario"]
[Black "Kovacevic, Vlatko"]
[Result "0-1"]
[WhiteElo "2290"]
[BlackElo "2520"]

1.d4 Nf6 2.c4 e6 3.Nf3 d5 4.Nc3 c6 5.e3 Nbd7 6.Bd3 a6 7.e4 dxe4 8.Nxe4 Nxe4
9.Bxe4 Nf6 10.Bc2 c5 11.O-O cxd4 12.Nxd4 Be7 13.Bf4 O-O 14.Qd3 Qb6 15.Be5 g6
16.Nf3 Rd8 17.Qc3 Ne8 18.Bd4 Bc5 19.Bxc5 Qxc5 20.Rad1 Bd7 21.Ne5 Bc6 22.b4 Qe7
23.Nxc6 bxc6 24.Be4 Rac8 25.c5 Nf6 26.Bf3 Nd5 27.Bxd5 Rxd5 28.Rxd5 exd5 29.Re1 Qd7
30.f3 a5 31.a3 axb4 32.axb4 d4 33.Qd3 Rb8 34.Rb1 Qd5 35.Rb2 Kg7 36.Kf2 h5
37.Qe4 Qxe4 38.fxe4 Kf6 39.Ke2 Ke5 40.Kd3 Ra8 41.Kc4 Ra3 42.b5 Rc3+ 43.Kb4 cxb5
44.Rf2 f6 45.Ra2 Rc1 46.Kxb5 d3 47.c6 Kxe4 48.Kb6 Ke3  0-1

[Event "Herzliya"]
[Site "Herzliya"]
[Date "1998.09.15"]
[Round "10"]
[White "Zilberman, Yaacov"]
[Black "Schlosser, Philipp"]
[Result "1/2-1/2"]
[WhiteElo "2520"]
[BlackElo "2505"]

1.d4 d5 2.c4 e6 3.Nf3 Nf6 4.Nc3 c6 5.e3 Nbd7 6.Bd3 dxc4 7.Bxc4 b5 8.Be2 a6
9.e4 b4 10.e5 bxc3 11.exf6 Nxf6 12.bxc3 Bd6 13.O-O Qc7 14.Bd3 c5 15.Re1 Bb7
16.Bg5 Nd7 17.Rb1 O-O 18.h3 Rfb8 19.Qe2 Nf8 20.Be3 cxd4 21.cxd4 Bd5 22.Rxb8 Rxb8
23.Bxa6 Qa5 24.Ne5 Qxa2 25.Qxa2 Bxa2 26.Nc4 Bc7 27.Ne5 Bd5 28.Rc1 Bd6 29.Bf1 h5
30.Be2 h4 31.Nd3 Ng6 32.Bh5 Ne7 33.Bg4 f6  1/2-1/2

[Event "Politiken zt"]
[Site "Munkebo"]
[Date "1998.09.15"]
[Round "2.3"]
[White "Olafsson, Helgi"]
[Black "Stefansson, Hannes"]
[Result "0-1"]
[WhiteElo "2505"]
[BlackElo "2535"]

1.d4 d5 2.c4 c6 3.e3 Nf6 4.Nc3 e6 5.Nf3 Nbd7 6.Qc2 Bd6 7.b3 O-O 8.Be2 e5
9.cxd5 cxd5 10.Nb5 Bb4+ 11.Bd2 Bxd2+ 12.Qxd2 Ne4 13.Qb2 a6 14.Na3 exd4 15.exd4 Qa5+
16.b4 Qb6 17.O-O Ndf6 18.Ne5 Nd6 19.Rac1 Bd7 20.Rfd1 Ba4 21.Re1 Bb5 22.Rc5 Bxe2
23.Rxe2 Nde4 24.Rcc2 a5 25.b5 h6 26.Nd3 Rac8 27.f3 Nd6 28.Nc5 Rfe8 29.Rxe8+ Rxe8
30.Re2 Rc8 31.Re5 Qd8 32.Re1 b6 33.Nd3 Nc4 34.Qc1 Qd7 35.h4 Nxa3 36.Qxa3 Qxb5
37.Ne5 Re8 38.Rc1 Qe2 39.g4 Nh7 40.Qc3 Nf8 41.Re1 Qb5 42.Rc1 Ne6 43.Kf2 Qa4
44.Nc6 Qxa2+ 45.Rc2 Qa4 46.Re2 Kh8 47.Ne5 Kg8 48.Nc6 Qb5 49.f4 Kh8 50.f5 Rc8
51.fxe6 Rxc6 52.exf7 Rf6+ 53.Qf3 Rxf3+ 54.Kxf3 Qd3+ 55.Kf2 Qxd4+ 56.Kf3 Qf6+  0-1

[Event "Elista ol (Men)"]
[Site "Elista"]
[Date "1998.09.29"]
[Round "1"]
[White "Sadler, Matthew"]
[Black "Abdulla, Al Rakib"]
[Result "1/2-1/2"]
[WhiteElo "2660"]
[BlackElo "2350"]

1.d4 d5 2.c4 c6 3.Nf3 Nf6 4.Nc3 e6 5.e3 Nbd7 6.Bd3 dxc4 7.Bxc4 b5 8.Bd3 a6
9.e4 c5 10.d5 c4 11.Bc2 Qc7 12.O-O Bc5 13.Kh1 O-O 14.dxe6 fxe6 15.Ng5 Qc6
16.f4 e5 17.Qe2 Bb7 18.f5 Bd4 19.Ne6 Rf7 20.Ng5 Rff8 21.Ne6 Rf7 22.Nd5 Nxd5
23.exd5 Qb6 24.Ng5 Rf6 25.Ne4 Rff8 26.d6 Bxe4 27.Bxe4 Rae8 28.Bg5 Qxd6 29.Rad1 Nc5
30.Bf3 Rxf5 31.Bd5+ Qxd5 32.Rxf5 Qe4 33.Qf1 Nd3 34.Rf3 Qg4 35.Bf6 Nf2+ 36.Rxf2 Bxf2
37.Bxe5 Rxe5 38.Rd8+ Kf7 39.Qxf2+ Qf5 40.Kg1 Qxf2+ 41.Kxf2 Re6 42.Rd7+ Kf6
43.g4 h6 44.h4 g5 45.hxg5+ Kxg5 46.Kf3 Rf6+ 47.Kg3 Rc6 48.Rd5+ Kf6 49.Kf2 Re6
50.Kf3 Re5 51.Rd6+ Re6 52.Rd5 Re5 53.Rd6+ Re6  1/2-1/2

[Event "Elista ol (Men)"]
[Site "Elista"]
[Date "1998.09.30"]
[Round "2"]
[White "Sokolov, Ivan"]
[Black "Thorhallsson, Throstur"]
[Result "1/2-1/2"]
[WhiteElo "2620"]
[BlackElo "2495"]

1.d4 d5 2.c4 c6 3.Nf3 Nf6 4.Nc3 e6 5.e3 Nbd7 6.Qc2 Bd6 7.e4 dxe4 8.Nxe4 Nxe4
9.Qxe4 Bb4+ 10.Bd2 Bxd2+ 11.Nxd2 Qa5 12.a3 c5 13.dxc5 Qxc5 14.Bd3 Nf6 15.Qe2 b6
16.b4 Qc7 17.O-O Bb7 18.Rac1 O-O 19.c5 bxc5 20.Rxc5 Qf4 21.g3 Qd4 22.Rd1 Nd5
23.Nb3 Qf6 24.Qc2 g6 25.Na5 Rab8 26.Nxb7 Rxb7 27.Rc8 Rd7 28.Rxf8+ Kxf8 29.Qc8+ Rd8
30.Qc5+ Kg7 31.Bf1 Rd7 32.Qd4 Rc7 33.b5 Nc3 34.Qxf6+ Kxf6 35.Rd4 Ke5 36.Rd8 Rb7
37.Rc8 Na4 38.f4+ Kd6 39.Kf2 Rc7 40.Rxc7 Kxc7 41.Ke3 Kd6 42.Kd4 Nb6 43.Bc4 f6
44.Bb3 e5+ 45.fxe5+ fxe5+ 46.Kd3 Nd7 47.Kc4 Nb6+  1/2-1/2

[Event "Elista ol (Men)"]
[Site "Elista"]
[Date "1998.09.30"]
[Round "2"]
[White "Sashikiran, Krishnan"]
[Black "Kobalija, Mihail"]
[Result "1-0"]
[WhiteElo "2470"]
[BlackElo "2505"]

1.d4 d5 2.c4 c6 3.Nc3 Nf6 4.e3 e6 5.Nf3 Nbd7 6.Bd3 dxc4 7.Bxc4 b5 8.Bd3 Bb7
9.e4 b4 10.Na4 c5 11.e5 Nd5 12.dxc5 Bxc5 13.Nxc5 Nxc5 14.Bb5+ Kf8 15.O-O h6
16.Qd4 Qb6 17.Bc4 Ne7 18.Be3 Rc8 19.Qg4 Bxf3 20.Qxf3 Nf5 21.Rac1 Kg8 22.Bd3 Nxe3
23.fxe3 Rf8 24.Bg6 Qc7 25.Rc4 Qxe5 26.Bxf7+ Rxf7 27.Qxf7+ Kh7 28.Qf4 Qd5
29.Rxb4 Rc8 30.Qd4 Qg5 31.h4 Qh5 32.Rc4  1-0

[Event "Elista ol (Men)"]
[Site "Elista"]
[Date "1998.09.30"]
[Round "2"]
[White "Giorgadze, Giorgi"]
[Black "Nogueiras, Jesus"]
[Result "0-1"]
[WhiteElo "2610"]
[BlackElo "2510"]

1.d4 d5 2.c4 c6 3.Nc3 Nf6 4.e3 e6 5.Nf3 Nbd7 6.Qc2 Bd6 7.Bd3 O-O 8.O-O dxc4
9.Bxc4 a6 10.Rd1 b5 11.Be2 Qc7 12.e4 e5 13.g3 Re8 14.a3 Bb7 15.Bg5 h6 16.dxe5 Bxe5
17.Nxe5 hxg5 18.Nxd7 Nxd7 19.Qd2 Nf6 20.Qxg5 Nxe4 21.Nxe4 Rxe4 22.Bf3 Re5
23.Rd7 Qxd7 24.Qxe5 Re8 25.Qc3 c5 26.Rd1 Qc7 27.Bxb7 Qxb7 28.Qxc5 Qf3 29.Qd4 Re4
30.Qd8+ Kh7 31.Qd3 Qxd3 32.Rxd3 b4 33.Kf1 a5 34.a4 Re5 35.f4 Rc5 36.Ke2 Kg6
37.Ke3 Kf6 38.h3 Ke6 39.g4 f5 40.Kd4 Rc2 41.Re3+ Kd6 42.Re5 fxg4 43.hxg4 Rxb2
44.Rd5+ Ke7 45.Rxa5 Rf2 46.Ke5 b3 47.Ra7+ Kf8 48.Rb7 Ra2 49.Ke6 Kg8 50.g5 Rxa4
51.Rb8+ Kh7 52.f5 Ra6+ 53.Ke5 Ra5+ 54.Kf4 Ra4+ 55.Kf3 Ra5 56.Kg4 Ra4+ 57.Kg3 Ra5
58.Kf4 Ra4+ 59.Ke5 Rg4 60.g6+ Kh6 61.Rxb3 Ra4 62.Rh3+ Kg5 63.Ke6 Ra6+ 64.Kf7 Ra7+
65.Kg8 Kxf5 66.Kh7 Ra6 67.Rh1 Kf6 68.Rb1 Rc6 69.Rb7 Kg5 70.Rxg7 Kh5 71.Rg8 Ra6
72.Re8 Rxg6 73.Re5+ Rg5 74.Rxg5+  0-1

[Event "Elista ol (Men)"]
[Site "Elista"]
[Date "1998.09.30"]
[Round "2"]
[White "Kozul, Zdenko"]
[Black "Blatny, Pavel"]
[Result "1-0"]
[WhiteElo "2570"]
[BlackElo "2520"]

1.d4 d5 2.c4 c6 3.e3 Nf6 4.Nc3 e6 5.Nf3 Nbd7 6.Bd3 dxc4 7.Bxc4 b5 8.Bd3 Bb7
9.e4 b4 10.Na4 c5 11.e5 Nd5 12.O-O cxd4 13.Re1 a6 14.Bc2 Qb8 15.Qxd4 g6 16.Bb3 Bc6
17.Bd2 N5b6 18.Nxb6 Qxb6 19.Qf4 h6 20.Rac1 g5 21.Qg3 Bc5 22.Be3 Bxe3 23.Rxe3 Nc5
24.h4 O-O-O 25.Qg4 Kb7 26.Qh5 g4 27.Ne1 Rd7 28.Qxg4 Rhd8 29.Bc2 a5 30.b3 Rd4
31.Qh5 R8d7 32.Qxh6 Qd8 33.h5 Rg4 34.Rh3 Qg8 35.f3 Rg5 36.Qf6 Rd2 37.Bg6 Rgxg2+
38.Nxg2 fxg6 39.hxg6 Nd7 40.Qg5  1-0

[Event "Elista ol (Men)"]
[Site "Elista"]
[Date "1998.10.01"]
[Round "3"]
[White "Ruzele, Darius"]
[Black "Huebner, Robert"]
[Result "1/2-1/2"]
[WhiteElo "2475"]
[BlackElo "2575"]

1.d4 d5 2.c4 c6 3.e3 Nf6 4.Nc3 e6 5.Nf3 Nbd7 6.Bd3 dxc4 7.Bxc4 b5 8.Bd3 a6
9.e4 c5 10.d5 Qc7 11.O-O Bb7 12.Bc2 O-O-O 13.dxe6 Ne5 14.Qe2 Nxf3+ 15.Qxf3 fxe6
16.Qh3 Kb8 17.Bg5 Bd6 18.Kh1 Bf4 19.Bxf4 Qxf4 20.f3 Rd2 21.Rac1 e5 22.Nb1 Bc8
23.Qg3 Qxg3 24.hxg3 Rd4 25.Bd1 Be6 26.b3 Rc8 27.Kg1 Ka7 28.Kf2 Kb6 29.g4 Rf8
30.Ke1 h5 31.g5 Nh7 32.g6 Nf6 33.Nc3 Rh8 34.Ne2 Rdd8 35.Bc2 h4 36.Rh1 a5
37.Rd1 Rxd1+ 38.Kxd1 c4 39.Kc1 b4 40.f4 Rh5 41.fxe5 Rxe5 42.Nd4 Kc5 43.Nxe6+ Rxe6
44.bxc4 Ng4 45.Rxh4 Ne5 46.Rh8 Rxg6 47.Rd8 Nxc4 48.Rd5+ Kb6 49.Bd3 Rc6 50.Rg5 Ne5+
51.Bc2 Nc4 52.Bb3 Nd6+ 53.Kb2 Nxe4 54.Rxg7 Rf6 55.Rg4 Rf2+ 56.Ka1 Nc3 57.Rc4 Nb5
58.a4 Nc3 59.Rg4 Kc5 60.Rg8 Kd4 61.g4 Rg2 62.g5 Kd3 63.Rd8+ Ke3 64.Re8+ Kd2
65.Rd8+ Kc1 66.Rh8 Kd2 67.Rd8+ Ke3 68.Re8+ Kd4 69.Rd8+ Kc5 70.Rc8+ Kd6 71.Rd8+ Ke7
72.Rg8 Ne4 73.g6 Nc5 74.Bf7 Nxa4 75.Ra8 Rg5 76.Bc4 Kf6 77.Ra6+ Kg7 78.Ka2 Rg2+
79.Ka1 Nc3 80.Rxa5 Kxg6 81.Ra8 Kf6 82.Rb8 Rg1+ 83.Kb2 Na4+ 84.Kc2 Rg2+ 85.Kb3 Nc5+
86.Kxb4 Rb2+ 87.Kxc5 Rxb8 88.Kd4 Rh8 89.Ke4 Rh4+ 90.Kd5 Rxc4  1/2-1/2

[Event "Elista ol (Men)"]
[Site "Elista"]
[Date "1998.10.01"]
[Round "3"]
[White "Guliev, Sarhan"]
[Black "Sadler, Matthew"]
[Result "1/2-1/2"]
[WhiteElo "2465"]
[BlackElo "2660"]

1.d4 d5 2.c4 e6 3.Nc3 c6 4.e3 Nf6 5.Nf3 Nbd7 6.Qc2 Bd6 7.Be2 O-O 8.O-O dxc4
9.Bxc4 b5 10.Bd3 Bb7 11.Rd1 a6 12.e4 e5 13.Bg5 h6 14.Bh4 Qe7 15.a4 Rfe8 16.Ne2 Rac8
17.dxe5 Nxe5 18.Nxe5 Qxe5 19.f4 Qc5+ 20.Bf2 Qxc2 21.Bxc2 Bb4 22.e5 bxa4 23.Bf5 Rb8
24.Nc1 g6 25.Nd3 gxf5 26.Nxb4 Ne4 27.Nd3 a5 28.Nc5 Bc8 29.Nxe4 fxe4 30.Rxa4 Rxb2
31.Rxa5 Bg4 32.Re1 Rd8 33.Be3 Rd3 34.Rc5 Rbb3 35.Kf2 Rb2+ 36.Kg1 Rbb3 37.Kf2 Rb2+
38.Kg1  1/2-1/2